Statistics for Felicity Jones Movies

Click here to take the quiz!

General Stats

  • This quiz has been taken 4 times
  • The average score is 2 of 8

Answer Stats

Release YearCostarsMovie% Correct
2016Diego Luna, Donnie YenRogue One: A Star Wars Story
100%
2014Andrew Garfield, Emma StoneThe Amazing Spider-Man 2
33%
2020George Clooney, Demian BichirThe Midnight Sky
33%
2014Eddie Redmayne, David ThewlisThe Theory of Everything
33%
2015Jonah Hill, James FrancoTrue Story
33%
2010Ricky Gervais, Ralph FiennesCemetery Junction
0%
2011Jennifer Lawrence, Anton YelchinLike Crazy
0%
2019Eddie Redmayne, Himesh PatelThe Aeronauts
0%

Score Distribution

Percentile by Number Answered

Percent of People with Each Score

Your Score History

You have not taken this quiz